Liniový vlakový zabezpečovač LS II, LS III, LS IV /

Main Author: Macoun, Zbyněk
Other Authors: Nádvorník, Bohuslav, 1920-1994
Language: Czech
Published: Praha : Nakladatelství dopravy a spojů, 1971
Edition: 1. vyd.
Physical Description: 211 s. + 15 vol. příl.
Book
Saved in:
LEADER 00927nam a2200241 a 4500
001 000612080
003 CZ BrMZK
005 20240422085653.0
007 ta
008 020723s1971 xr f cze d
015 |a cnb001217567 
035 |a (OCoLC)85615496 
040 |a BOA001  |b cze  |c BOA001 
100 1 |a Macoun, Zbyněk  |7 xx0111273  |4 aut 
245 1 0 |a Liniový vlakový zabezpečovač LS II, LS III, LS IV /  |c Zbyněk Macoun, Bohumil Nádvorník 
250 |a 1. vyd. 
260 |a Praha :  |b Nakladatelství dopravy a spojů,  |c 1971 
300 |a 211 s. +  |e 15 vol. příl. 
700 1 |a Nádvorník, Bohuslav,  |d 1920-1994  |7 jk01082630  |4 aut 
910 |a BOA001  |b 2-0671.965  |b TK-0160.544 
990 |a BK 
996 6 |b 2619696978  |c 2-0671.965  |l Sklad H1  |r Sklad / do 24 hodin  |n 7  |p nelze digi.  |h HS212  |w 000612080  |u 000010  |a 1  |e BOA001  |j MZK50  |s P 
996 7 |b 2629956323  |c TK-0160.544  |l MZK  |r Sklad / do 24 hodin  |n 1  |w 000612080  |u 000020  |a 1  |e BOA001  |j MZK50  |s A